Zdaňovanie pracovných príjmov v SR a ČR z hľadiska zamestnávateľov a zamestnancov bakalárska práca
Saved in:
| Main Author: | |
|---|---|
| Corporate Author: | |
| Other Authors: | |
| Format: | Book |
| Language: | Slovak |
| Published: |
Bratislava
2021
|
| Tags: |
No Tags, Be the first to tag this record!
|
MARC
| LEADER | 00000nbm a2200000 4500 | ||
|---|---|---|---|
| 001 | 0275877 | ||
| 005 | 20211112141827.0 | ||
| 041 | 0 | |a slo | |
| 044 | |a SK | ||
| 245 | 1 | 0 | |a Zdaňovanie pracovných príjmov v SR a ČR z hľadiska zamestnávateľov a zamestnancov |b bakalárska práca |c Samuel Tiso ; školiteľ: Ivona Ďurinová |
| 264 | 1 | |a Bratislava |c 2021 | |
| 300 | |a 112 s. | ||
| 100 | 1 | |a Tiso, Samuel | |
| 700 | 1 | |a Ďurinová, Ivona, 1964- | |
| 710 | 2 | |a Fakulta podnikového manažmentu EU. Katedra podnikových financií | |